[Event "24. European Club Cup 2008"]
[Site "Kallithea GRE"]
[Date "2008.10.21"]
[Round "5.13"]
[White "Coenen, Norbert"]
[Black "Cvek, Robert"]
[Result "1/2-1/2"]
[WhiteElo "2357"]
[BlackElo "2532"]
[PlyCount "70"]
[EventDate "2008.10.17"]
[EventType "team-swiss"]
[EventRounds "7"]
[EventCountry "GRE"]
[Source "lmi"]
[SourceDate "2008.10.17"]
[WhiteTeam "Eynatten"]
[BlackTeam "Novoborsky"]

1. e4 c5 2. Nf3 Nc6 3. b3 d6 4. Bb2 Nf6 5. Nc3 e5 6. Bc4 Be7 7. O-O O-O 8. Re1
Be6 9. h3 Nd4 10. Nh2 a6 11. a4 Rb8 12. Nd5 Nxd5 13. Bxd5 Nc6 14. d3 Qd7 15.
Nf1 Bg5 16. a5 f5 17. Qe2 Bxd5 18. exd5 Nd4 19. Qd1 f4 20. c3 Nf5 21. Nd2 Qf7
22. c4 Qg6 23. Ne4 h5 24. f3 Be7 25. Bc3 b5 26. axb6 Rxb6 27. Ra3 Rfb8 28. Re2
Kh7 29. Qb1 Nh4 30. Kh1 Qf5 31. Be1 Ng6 32. Qa2 Qc8 33. Rb2 Nh8 34. Ba5 R6b7
35. Be1 Rb6 1/2-1/2

[Event "24. European Club Cup 2008"]
[Site "Kallithea GRE"]
[Date "2008.10.21"]
[Round "5.14"]
[White "Mastrovasilis, Dimitrios"]
[Black "Meier, Georg"]
[Result "1/2-1/2"]
[WhiteElo "2572"]
[BlackElo "2558"]
[PlyCount "46"]
[EventDate "2008.10.17"]
[EventType "team-swiss"]
[EventRounds "7"]
[EventCountry "GRE"]
[Source "lmi"]
[SourceDate "2008.10.17"]
[WhiteTeam "ESTH Thessaloniki"]
[BlackTeam "Bremen"]

1. e4 e6 2. d4 d5 3. Nc3 dxe4 4. Nxe4 Nd7 5. Nf3 Ngf6 6. Nxf6+ Nxf6 7. c3 c5 8.
Ne5 a6 9. Be3 Qc7 10. Qa4+ Nd7 11. Bb5 cxd4 12. Bxd7+ Bxd7 13. Qxd4 Bb5 14. a4
Bd6 15. axb5 Bxe5 16. Qa4 O-O 17. b6 Qe7 18. O-O Rfd8 19. Rfd1 g6 20. g3 Rac8
21. Rxd8+ Rxd8 22. Rd1 h5 23. h4 Rxd1+ 1/2-1/2

[Event "24. European Club Cup 2008"]
[Site "Kallithea GRE"]
[Date "2008.10.21"]
[Round "5.14"]
[White "Nyback, Tomi"]
[Black "Mastrovasilis, Athanasios"]
[Result "1-0"]
[WhiteElo "2634"]
[BlackElo "2495"]
[PlyCount "75"]
[EventDate "2008.10.17"]
[EventType "team-swiss"]
[EventRounds "7"]
[EventCountry "GRE"]
[Source "lmi"]
[SourceDate "2008.10.17"]
[WhiteTeam "Bremen"]
[BlackTeam "ESTH Thessaloniki"]

1. d4 Nf6 2. c4 e6 3. Nf3 c5 4. d5 d6 5. Nc3 exd5 6. cxd5 g6 7. e4 a6 8. h3 b5
9. Bd3 Bg7 10. O-O O-O 11. a3 Re8 12. Re1 Ra7 13. Bf4 Rae7 14. b4 Nh5 15. Bd2
Nd7 16. Rc1 Ne5 17. Be2 Nxf3+ 18. Bxf3 Re5 19. g4 Qh4 20. Bg2 Nf6 21. Bf4 g5
22. Bg3 Qh6 23. a4 Bd7 24. bxc5 dxc5 25. axb5 axb5 26. Qb3 b4 27. Na4 Bxa4 28.
Qxa4 Bf8 29. Qc6 Rxe4 30. Bxe4 Rxe4 31. Rxe4 Nxe4 32. Qxh6 Bxh6 33. d6 Bg7 34.
d7 Bf6 35. Bc7 Nc3 36. Re1 c4 37. Re8+ Kg7 38. Be5 1-0

[Event "24. European Club Cup 2008"]
[Site "Kallithea GRE"]
[Date "2008.10.21"]
[Round "5.14"]
[White "Fish, Gennadij"]
[Black "Shavtvaladze, Nikoloz"]
[Result "1/2-1/2"]
[WhiteElo "2531"]
[BlackElo "2442"]
[PlyCount "34"]
[EventDate "2008.10.17"]
[EventType "team-swiss"]
[EventRounds "7"]
[EventCountry "GRE"]
[Source "lmi"]
[SourceDate "2008.10.17"]
[WhiteTeam "Bremen"]
[BlackTeam "ESTH Thessaloniki"]

1. d4 Nf6 2. c4 e6 3. Nc3 Bb4 4. e3 c5 5. Bd3 d5 6. Nge2 cxd4 7. exd4 dxc4 8.
Bxc4 O-O 9. O-O Nbd7 10. Bg5 Nb6 11. Bd3 Be7 12. Rc1 Bd7 13. Bb1 Bc6 14. Qd3 g6
15. Qh3 Nbd5 16. Rfd1 Rc8 17. Qh4 Nh5 1/2-1/2

[Event "24. European Club Cup 2008"]
[Site "Kallithea GRE"]
[Date "2008.10.21"]
[Round "5.15"]
[White "Patuzzo, Fabrizio"]
[Black "Hambardzumian, Yuri"]
[Result "0-1"]
[WhiteElo "2280"]
[BlackElo "2355"]
[PlyCount "178"]
[EventDate "2008.10.17"]
[EventType "team-swiss"]
[EventRounds "7"]
[EventCountry "GRE"]
[Source "lmi"]
[SourceDate "2008.10.17"]
[WhiteTeam "Mendrisio"]
[BlackTeam "FIMA"]

1. Nf3 c5 2. g3 Nc6 3. c4 g6 4. Nc3 Bg7 5. Bg2 e5 6. O-O Nge7 7. d3 d6 8. Ne1
O-O 9. Nc2 Be6 10. Ne3 Qd7 11. Ned5 Bh3 12. Bh6 Bxg2 13. Kxg2 Nxd5 14. Nxd5 Ne7
15. Bxg7 Kxg7 16. e4 Nxd5 17. cxd5 f5 18. f3 Rf6 19. Qe2 Raf8 20. Rf2 h5 21. h3
Qb5 22. Raf1 h4 23. g4 fxe4 24. fxe4 Rxf2+ 25. Rxf2 Rxf2+ 26. Kxf2 Qa4 27. b3
Qd4+ 28. Kg2 g5 29. Qd2 Kg6 30. Qe2 b5 31. Qf1 Qb2+ 32. Kh1 Kg7 33. a4 Qxb3 34.
axb5 Qxb5 35. Qf5 Qb1+ 36. Kg2 Qc2+ 37. Kg1 Qd1+ 38. Kf2 Qd2+ 39. Kg1 Qe1+ 40.
Kg2 Qg3+ 41. Kh1 Qxh3+ 42. Kg1 Qg3+ 43. Kh1 Qf4 44. Qd7+ Qf7 45. Qxd6 Qf3+ 46.
Kh2 Qg3+ 47. Kh1 Qh3+ 48. Kg1 Qxg4+ 49. Kf2 Qg3+ 50. Ke2 Qg4+ 51. Kd2 Qg2+ 52.
Kc3 h3 53. Qxe5+ Kh7 54. Qe7+ Kh6 55. Qf6+ Kh5 56. Qh8+ Kg4 57. d6 h2 58. d7
h1=Q 59. Qxh1 Qxh1 60. d8=Q Qc1+ 61. Kb3 Qb1+ 62. Kc3 Qb4+ 63. Kc2 Qa4+ 64. Kd2
Qd4 65. Qf8 Qe5 66. Kc2 a5 67. Qa8 Kf4 68. Qxa5 g4 69. Qd2+ Kg3 70. Qe3+ Kg2
71. Qd2+ Kf3 72. Qd1+ Kg3 73. Qe1+ Kh3 74. Qf1+ Kh4 75. Qh1+ Kg5 76. Kd2 Qb2+
77. Ke3 c4 78. dxc4 Qc3+ 79. Ke2 Qxc4+ 80. Ke3 Qc3+ 81. Ke2 Kf4 82. Qh6+ Kg3
83. Qh1 Qc2+ 84. Ke3 Qf2+ 85. Kd3 Qf3+ 86. Qxf3+ gxf3 87. e5 f2 88. Kd4 f1=Q
89. e6 Qf5 0-1

[Event "24. European Club Cup 2008"]
[Site "Kallithea GRE"]
[Date "2008.10.21"]
[Round "5.16"]
[White "Maki, Veijo"]
[Black "Fercec, Nenad"]
[Result "0-1"]
[WhiteElo "2413"]
[BlackElo "2481"]
[PlyCount "50"]
[EventDate "2008.10.17"]
[EventType "team-swiss"]
[EventRounds "7"]
[EventCountry "GRE"]
[Source "lmi"]
[SourceDate "2008.10.17"]
[WhiteTeam "Tammer"]
[BlackTeam "Brijeg"]

1. e4 c5 2. Nf3 Nc6 3. d4 cxd4 4. Nxd4 Qb6 5. Nb3 Nf6 6. Nc3 e6 7. Be3 Qc7 8.
Bd3 d6 9. O-O a6 10. a4 b6 11. f4 Be7 12. g4 Bb7 13. g5 Nd7 14. f5 Nde5 15.
fxe6 fxe6 16. Qh5+ g6 17. Qh3 Bc8 18. Ne2 Nf7 19. Rxf7 Kxf7 20. Bc4 Ne5 21.
Rf1+ Ke8 22. Bxe6 Bxe6 23. Qxe6 Qxc2 24. Nc3 Rf8 25. Nd5 Nf3+ 0-1

[Event "24. European Club Cup 2008"]
[Site "Kallithea GRE"]
[Date "2008.10.21"]
[Round "5.16"]
[White "Bogut, Zeljko"]
[Black "Lehtinen, Heikki"]
[Result "1/2-1/2"]
[WhiteElo "2464"]
[BlackElo "2381"]
[PlyCount "168"]
[EventDate "2008.10.17"]
[EventType "team-swiss"]
[EventRounds "7"]
[EventCountry "GRE"]
[Source "lmi"]
[SourceDate "2008.10.17"]
[WhiteTeam "Brijeg"]
[BlackTeam "Tammer"]

1. d4 Nf6 2. Nc3 d5 3. Bg5 Nbd7 4. Nf3 h6 5. Bh4 e6 6. a3 c5 7. e3 Be7 8. Bd3
O-O 9. O-O b6 10. Ne5 Nxe5 11. dxe5 Nd7 12. Bxe7 Qxe7 13. f4 Bb7 14. Qh5 f5 15.
Nb5 Ba6 16. Nd6 Bxd3 17. cxd3 Kh7 18. Rac1 Nf6 19. Qh4 Qd7 20. d4 c4 21. Nxc4
Ne4 22. Nd6 Nxd6 23. exd6 Qxd6 24. Qf2 Rac8 25. Qe2 Rc7 26. Qa6 Qd7 27. Rxc7
Qxc7 28. h3 Rf7 29. a4 Qc6 30. a5 Rc7 31. axb6 axb6 32. Ra1 Kg6 33. Kh2 Kf6 34.
Ra3 Qb7 35. Qe2 Rc1 36. Rb3 Qc7 37. Qb5 Rc6 38. Qa6 g5 39. Qa8 gxf4 40. Qf8+
Kg6 41. exf4 Qxf4+ 42. Rg3+ Kh5 43. Qf6 b5 44. Qe7 Ra6 45. Qb7 Kh4 46. Qe7+ Kh5
47. Qf6 Rc6 48. h4 Rc1 49. Qxe6 Rh1+ 50. Kxh1 Qxg3 51. Qxf5+ Kxh4 52. Qf6+ Qg5
53. Qf3 Qg3 54. Qf6+ Qg5 55. Qd6 Kg4 56. Qe6+ Kf4 57. Kg1 h5 58. Qe2 Kf5 59.
Qxb5 Qe3+ 60. Kf1 Qxd4 61. Qe2 Kg6 62. g3 Qc4 63. Kf2 Qc5+ 64. Kf3 Qf8+ 65. Kg2
Qc5 66. Qe6+ Kg5 67. Qe5+ Kg6 68. Kf3 Qc6 69. Ke3 Qc1+ 70. Kd3 Qd1+ 71. Kc3
Qc1+ 72. Kb4 Qc4+ 73. Ka3 Qa6+ 74. Kb4 Qc4+ 75. Ka5 Qc5+ 76. Ka4 Qc6+ 77. Ka5
Qc5+ 78. Ka6 Qc6+ 79. Ka7 Qa4+ 80. Kb6 Qb4+ 81. Kc6 d4 82. Qe4+ Kg5 83. Qf4+
Kg6 84. Qe4+ Kg5 1/2-1/2

[Event "24. European Club Cup 2008"]
[Site "Kallithea GRE"]
[Date "2008.10.21"]
[Round "5.16"]
[White "Lampen, Timo"]
[Black "Zivkovic, Vjekoslav"]
[Result "1/2-1/2"]
[WhiteElo "2337"]
[BlackElo "2429"]
[PlyCount "52"]
[EventDate "2008.10.17"]
[EventType "team-swiss"]
[EventRounds "7"]
[EventCountry "GRE"]
[Source "lmi"]
[SourceDate "2008.10.17"]
[WhiteTeam "Tammer"]
[BlackTeam "Brijeg"]

1. d4 Nf6 2. c4 g6 3. Nc3 Bg7 4. e4 d6 5. f4 O-O 6. Nf3 c5 7. d5 e6 8. dxe6
fxe6 9. Bd3 Nc6 10. O-O e5 11. f5 Nd4 12. Ng5 h6 13. Nh3 gxf5 14. exf5 e4 15.
Nxe4 Bxf5 16. Nxf6+ Qxf6 17. Bxf5 Nxf5 18. Qd5+ Rf7 19. Bf4 Qd4+ 20. Qxd4 Bxd4+
21. Kh1 Bxb2 22. Rad1 Bd4 23. g4 Ne3 24. Bxe3 Bxe3 25. Rfe1 Re8 26. Kg2 Re5
1/2-1/2

[Event "24. European Club Cup 2008"]
[Site "Kallithea GRE"]
[Date "2008.10.21"]
[Round "5.16"]
[White "Rade, Miroslav"]
[Black "Mertanen, Janne"]
[Result "1-0"]
[WhiteElo "2436"]
[BlackElo "2308"]
[PlyCount "61"]
[EventDate "2008.10.17"]
[EventType "team-swiss"]
[EventRounds "7"]
[EventCountry "GRE"]
[Source "lmi"]
[SourceDate "2008.10.17"]
[WhiteTeam "Brijeg"]
[BlackTeam "Tammer"]

1. e4 Nf6 2. e5 Nd5 3. d4 d6 4. Nf3 dxe5 5. Nxe5 c6 6. Be2 Nd7 7. Nf3 g6 8. O-O
Bg7 9. c4 Nc7 10. Nc3 O-O 11. Be3 e5 12. d5 f5 13. Bg5 Bf6 14. Bh6 Bg7 15. Bxg7
Kxg7 16. Qd2 c5 17. Rfd1 h6 18. a3 Ne8 19. b4 e4 20. Ne1 b6 21. f4 exf3 22.
Nxf3 Nd6 23. Bd3 Re8 24. Re1 Qf6 25. Rxe8 Nxe8 26. Re1 Nc7 27. Qf4 Qxc3 28.
Qxc7 Qxd3 29. Re7+ Kg8 30. Qc6 Kf8 31. Qd6 1-0

[Event "24. European Club Cup 2008"]
[Site "Kallithea GRE"]
[Date "2008.10.21"]
[Round "5.17"]
[White "Collins, Sam E"]
[Black "Bae, Torstein"]
[Result "1-0"]
[WhiteElo "2412"]
[BlackElo "2404"]
[PlyCount "67"]
[EventDate "2008.10.17"]
[EventType "team-swiss"]
[EventRounds "7"]
[EventCountry "GRE"]
[Source "lmi"]
[SourceDate "2008.10.17"]
[WhiteTeam "Barbican"]
[BlackTeam "av 1911"]

1. d4 d5 2. Nf3 Nf6 3. c4 c6 4. e3 Bf5 5. Nc3 e6 6. Nh4 Be4 7. f3 Bg6 8. Nxg6
hxg6 9. Qb3 Qc7 10. Bd2 Nbd7 11. g3 g5 12. O-O-O dxc4 13. Bxc4 b5 14. Bd3 a6
15. Ne4 c5 16. Nxf6+ gxf6 17. Kb1 c4 18. Qc2 Nb6 19. Ba5 Bd6 20. Be2 Ke7 21. e4
Rh6 22. Qd2 Rg8 23. h4 Rhg6 24. hxg5 Bxg3 25. gxf6+ Rxf6 26. e5 Rf5 27. Rhg1
Qc6 28. Qh6 Nd5 29. Rxg3 Rxg3 30. Qh4+ Rgg5 31. Bd2 f6 32. exf6+ Kxf6 33. Bxg5+
Rxg5 34. Rg1 1-0

[Event "24. European Club Cup 2008"]
[Site "Kallithea GRE"]
[Date "2008.10.21"]
[Round "5.17"]
[White "Urkedal, Frode"]
[Black "Devereaux, Maxim"]
[Result "1-0"]
[WhiteElo "2316"]
[BlackElo "2415"]
[PlyCount "75"]
[EventDate "2008.10.17"]
[EventType "team-swiss"]
[EventRounds "7"]
[EventCountry "GRE"]
[Source "lmi"]
[SourceDate "2008.10.17"]
[WhiteTeam "av 1911"]
[BlackTeam "Barbican"]

1. d4 Nf6 2. c4 e6 3. Nf3 b6 4. g3 Ba6 5. Nbd2 Bb4 6. Qa4 c5 7. a3 Bxd2+ 8.
Bxd2 cxd4 9. Bg2 Bb7 10. O-O O-O 11. Nxd4 Bxg2 12. Kxg2 d5 13. Rfd1 Qd7 14.
Qxd7 Nbxd7 15. cxd5 Nxd5 16. e4 N5f6 17. f3 Rfc8 18. Rac1 Ne5 19. Rc3 Rxc3 20.
Bxc3 Rd8 21. Kf2 Nxf3 22. Kxf3 e5 23. Rd2 exd4 24. Rxd4 Rxd4 25. Bxd4 Nd7 26.
e5 Kf8 27. Ke4 Ke7 28. Kd5 Nb8 29. b4 Kd7 30. b5 g6 31. a4 h5 32. Be3 Ke7 33.
Bg5+ Kd7 34. h3 a6 35. Be3 axb5 36. axb5 Kc7 37. Bf4 Kc8 38. e6 1-0

[Event "24. European Club Cup 2008"]
[Site "Kallithea GRE"]
[Date "2008.10.21"]
[Round "5.17"]
[White "Bjerke, Silje"]
[Black "Cox, John J"]
[Result "0-1"]
[WhiteElo "2204"]
[BlackElo "2381"]
[PlyCount "92"]
[EventDate "2008.10.17"]
[EventType "team-swiss"]
[EventRounds "7"]
[EventCountry "GRE"]
[Source "lmi"]
[SourceDate "2008.10.17"]
[WhiteTeam "av 1911"]
[BlackTeam "Barbican"]

1. e4 e5 2. Nf3 Nc6 3. Bb5 Nf6 4. O-O Nxe4 5. Re1 Nd6 6. Nxe5 Be7 7. Bd3 Nxe5
8. Rxe5 O-O 9. Nc3 c6 10. Qe2 Bf6 11. Re3 g6 12. b3 Bd4 13. Re7 Bf6 14. Re3 Bd4
15. Re7 Ne8 16. Ba3 d5 17. Re1 Nd6 18. Qf3 Be6 19. Bxd6 Qxd6 20. Rxb7 Bc8 21.
Rbe7 Be6 22. Rb7 Be5 23. a3 Bxh2+ 24. Kh1 Qf4 25. Qxf4 Bxf4 26. Re2 Bd6 27. Na4
Bc8 28. Rbe7 Bxe7 29. Rxe7 Be6 30. Ba6 Bf5 31. Bb7 Rae8 32. Rxe8 Rxe8 33. Bxc6
Re2 34. Bxd5 Bxc2 35. Kg1 Rxd2 36. Bc4 Rd1+ 37. Kh2 Ra1 38. Nc3 Bxb3 39. Bxb3
Rxa3 40. Nb5 Rxb3 41. Nxa7 Kg7 42. Nc6 Kf6 43. Nd4 Rb2 44. Kg3 h5 45. Kf3 Ke5
46. Ne2 Rb3+ 0-1

[Event "24. European Club Cup 2008"]
[Site "Kallithea GRE"]
[Date "2008.10.21"]
[Round "5.17"]
[White "Taylor, Peter P"]
[Black "Gvein, Kenneth"]
[Result "1/2-1/2"]
[WhiteElo "2254"]
[BlackElo "2189"]
[PlyCount "85"]
[EventDate "2008.10.17"]
[EventType "team-swiss"]
[EventRounds "7"]
[EventCountry "GRE"]
[Source "lmi"]
[SourceDate "2008.10.17"]
[WhiteTeam "Barbican"]
[BlackTeam "av 1911"]

1. c4 e5 2. g3 Nf6 3. Bg2 Nc6 4. Nf3 Bc5 5. O-O d6 6. d3 O-O 7. a3 a5 8. b3 Bf5
9. Bb2 Qc8 10. Nbd2 h6 11. Qc2 Re8 12. e3 Bb6 13. Qc3 Bh3 14. b4 Bxg2 15. Kxg2
Qd7 16. Rae1 axb4 17. axb4 Ra4 18. b5 Nd8 19. Qc2 Ra8 20. Ra1 Rxa1 21. Rxa1 Qf5
22. Rf1 Ne6 23. Nb3 g5 24. Qc3 h5 25. h4 gxh4 26. Nxh4 Qg4 27. Qc2 Ng5 28. Rh1
Qe6 29. Qe2 Ng4 30. Nf3 Qg6 31. Nxg5 Qxg5 32. Nd2 Re6 33. Nf3 Qg6 34. Nh4 Qf6
35. Qf3 Qxf3+ 36. Nxf3 Rh6 37. d4 e4 38. Nd2 f5 39. Nb3 c5 40. dxc5 Bxc5 41.
Bd4 b6 42. Kf1 Kf7 43. Ke2 1/2-1/2

[Event "24. European Club Cup 2008"]
[Site "Kallithea GRE"]
[Date "2008.10.21"]
[Round "5.18"]
[White "Volke, Karsten"]
[Black "Kanakaris, Georgios"]
[Result "1/2-1/2"]
[WhiteElo "2454"]
[BlackElo "2342"]
[PlyCount "79"]
[EventDate "2008.10.17"]
[EventType "team-swiss"]
[EventRounds "7"]
[EventCountry "GRE"]
[Source "lmi"]
[SourceDate "2008.10.17"]
[WhiteTeam "Reichenstein"]
[BlackTeam "Galaxias Thessaloniki"]

1. d4 d5 2. c4 c6 3. Nf3 Nf6 4. e3 a6 5. Nc3 b5 6. c5 Bg4 7. Qb3 Bxf3 8. gxf3
e5 9. a4 Nbd7 10. Qa3 Rb8 11. axb5 axb5 12. Qa6 Qc7 13. Qa5 Kd8 14. Qa6 b4 15.
Ne2 Be7 16. Bh3 Re8 17. O-O g5 18. Bd2 h5 19. Qa4 Rg8 20. Bxb4 Ke8 21. Ba5 Qb7
22. Bc3 g4 23. fxg4 Nxg4 24. Bxg4 Rxg4+ 25. Kh1 Nxc5 26. Qa7 Nd3 27. dxe5 Qxa7
28. Rxa7 Bb4 29. h3 Rg6 30. Nf4 Nxf4 31. exf4 Bc5 32. Ra5 Bb6 33. Ra4 Bc5 34.
f5 Rg5 35. Rf4 d4 36. Bxd4 Bxd4 37. Rxd4 Rb3 38. f3 Rxf5 39. f4 Rxh3+ 40. Kg2
1/2-1/2

[Event "24. European Club Cup 2008"]
[Site "Kallithea GRE"]
[Date "2008.10.21"]
[Round "5.18"]
[White "Kuehn, Peter Dr"]
[Black "Vragoteris, Antonios"]
[Result "1-0"]
[WhiteElo "2446"]
[BlackElo "2267"]
[PlyCount "81"]
[EventDate "2008.10.17"]
[EventType "team-swiss"]
[EventRounds "7"]
[EventCountry "GRE"]
[Source "lmi"]
[SourceDate "2008.10.17"]
[WhiteTeam "Reichenstein"]
[BlackTeam "Galaxias Thessaloniki"]

1. d4 f5 2. g3 Nf6 3. Bg2 g6 4. Nh3 Bg7 5. Nf4 d6 6. d5 c6 7. c4 e5 8. dxe6 Qe7
9. O-O O-O 10. Nd2 g5 11. Nd3 Bxe6 12. Qc2 Nbd7 13. Rb1 h6 14. b3 Qf7 15. Ba3
c5 16. Bxb7 Qh5 17. Bxa8 Ng4 18. Nf3 Rxa8 19. Kg2 f4 20. gxf4 Rf8 21. Rh1 Nge5
22. h3 gxf4 23. Rbg1 Bf5 24. Qd1 Be4 25. Nde1 Rf6 26. Kf1 Bf5 27. h4 Ng4 28.
Bb2 Rg6 29. Qd5+ Kh8 30. Bxg7+ Kxg7 31. Nd3 Rf6 32. Nxf4 Qe8 33. h5 Kh7 34. Rh4
Be4 35. Qd2 Nge5 36. Nxe5 Nxe5 37. Nd5 Bxd5 38. Qxd5 Qf8 39. Rg2 Rf4 40. Rxf4
Qxf4 41. Qg8# 1-0

[Event "24. European Club Cup 2008"]
[Site "Kallithea GRE"]
[Date "2008.10.21"]
[Round "5.18"]
[White "Maier, Christian"]
[Black "Karagiannis, Athanasios"]
[Result "1/2-1/2"]
[WhiteElo "2328"]
[BlackElo "2341"]
[PlyCount "175"]
[EventDate "2008.10.17"]
[EventType "team-swiss"]
[EventRounds "7"]
[EventCountry "GRE"]
[Source "lmi"]
[SourceDate "2008.10.17"]
[WhiteTeam "Reichenstein"]
[BlackTeam "Galaxias Thessaloniki"]

1. e4 c5 2. Nf3 a6 3. c3 d5 4. exd5 Qxd5 5. d4 Nf6 6. Be2 e6 7. O-O Nc6 8. Re1
cxd4 9. Nxd4 Nxd4 10. cxd4 Qa5 11. Bf3 Bb4 12. Re5 Qb6 13. Nc3 O-O 14. Bg5 Rd8
15. Qb3 Ba5 16. Ne4 Qxb3 17. axb3 Bc7 18. Rc5 Bb6 19. Rc4 Bxd4 20. Rd1 e5 21.
Nxf6+ gxf6 22. Bxf6 Be6 23. Bxd8 Bxc4 24. bxc4 Rxd8 25. Kf1 a5 26. b3 Rd6 27.
Rd2 Rb6 28. Bd1 Kg7 29. Ke2 Rh6 30. h3 Rf6 31. f3 h5 32. g4 h4 33. Kd3 Rf4 34.
Ra2 b6 35. Rd2 Kf6 36. Ke2 Ke6 37. Bc2 Kd6 38. Be4 Kc5 39. Kd3 Rf6 40. Rg2 Kb4
41. Kc2 Rd6 42. g5 Rd7 43. Bd5 b5 44. Bc6 Rd6 45. Bxb5 Be3 46. Be8 Rg6 47. Bxf7
Rxg5 48. Rg4 Rf5 49. Bd5 Bf2 50. Rg2 Bg3 51. Rg1 Bf2 52. Rg8 Rf6 53. Rb8+ Rb6
54. Ra8 Rg6 55. Re8 Bd4 56. Rb8+ Rb6 57. Rg8 Rh6 58. Kd3 Rf6 59. Rg4 Bc5 60.
Kc2 Rh6 61. Rg5 Bd4 62. Rg4 Bc5 63. Re4 Rg6 64. Rg4 Rh6 65. Be4 Bf2 66. Rg5 Bg3
67. Rg7 Bf2 68. Rg5 Bg3 69. Rg8 Bf2 70. Bg6 Ba7 71. Rg7 Bb6 72. Rg8 Ba7 73. Be4
Bf2 74. Rd8 Re6 75. Rd1 Re7 76. Rd2 Bc5 77. Rd5 Rg7 78. Rxe5 Rg2+ 79. Kd1 Rg3
80. Bc6 Rxh3 81. Rh5 Rh2 82. Bd7 Be3 83. Rb5+ Kc3 84. Ke1 h3 85. Rh5 Kxb3 86.
Rxh3 Rxh3 87. Bxh3 Bc5 88. Bd7 1/2-1/2

[Event "24. European Club Cup 2008"]
[Site "Kallithea GRE"]
[Date "2008.10.21"]
[Round "5.19"]
[White "Kovacs, Gabor"]
[Black "Berkvens, Joost"]
[Result "1-0"]
[WhiteElo "2490"]
[BlackElo "2431"]
[PlyCount "57"]
[EventDate "2008.10.17"]
[EventType "team-swiss"]
[EventRounds "7"]
[EventCountry "GRE"]
[Source "lmi"]
[SourceDate "2008.10.17"]
[WhiteTeam "Szombathely"]
[BlackTeam "Utrecht"]

1. d4 Nf6 2. c4 e6 3. Nc3 d5 4. Nf3 Be7 5. Bg5 O-O 6. e3 Nbd7 7. Rc1 Re8 8. Bd3
a6 9. O-O h6 10. Bh4 dxc4 11. Bxc4 b5 12. Bd3 c5 13. a4 c4 14. Bb1 Bb7 15. axb5
axb5 16. Nxb5 Qb6 17. Bxf6 Nxf6 18. Nc3 Qxb2 19. Ne5 Rec8 20. Bc2 Bd6 21. Na4
Qb5 22. Rb1 Bb4 23. Nc5 Rxc5 24. dxc5 Qxc5 25. Qd4 Qxd4 26. exd4 Nd5 27. Be4
Ra4 28. Nxc4 Ba6 29. Bxd5 1-0

[Event "24. European Club Cup 2008"]
[Site "Kallithea GRE"]
[Date "2008.10.21"]
[Round "5.19"]
[White "Pergel, Laszlo"]
[Black "Goes, Sten"]
[Result "1-0"]
[WhiteElo "2293"]
[BlackElo "2143"]
[PlyCount "55"]
[EventDate "2008.10.17"]
[EventType "team-swiss"]
[EventRounds "7"]
[EventCountry "GRE"]
[Source "lmi"]
[SourceDate "2008.10.17"]
[WhiteTeam "Szombathely"]
[BlackTeam "Utrecht"]

1. e4 c5 2. Nf3 d6 3. Bc4 Nc6 4. c3 Nf6 5. d3 g6 6. Nbd2 Bg7 7. h3 e5 8. O-O
O-O 9. Re1 Na5 10. Bb5 a6 11. Ba4 b5 12. Bc2 Bb7 13. Nf1 Re8 14. Bg5 h6 15. Be3
Qc7 16. Qd2 Kh7 17. b4 cxb4 18. cxb4 Nc6 19. Bb3 Qd7 20. Ng3 d5 21. exd5 Nxd5
22. Ne4 Nxe3 23. fxe3 Rad8 24. Nfg5+ hxg5 25. Nxg5+ Kh8 26. Qf2 Bh6 27. Qf6+
Bg7 28. Nxf7+ 1-0

[Event "24. European Club Cup 2008"]
[Site "Kallithea GRE"]
[Date "2008.10.21"]
[Round "5.20"]
[White "Hermansson, Emil"]
[Black "Gharamian, Tigran"]
[Result "0-1"]
[WhiteElo "2423"]
[BlackElo "2555"]
[PlyCount "62"]
[EventDate "2008.10.17"]
[EventType "team-swiss"]
[EventRounds "7"]
[EventCountry "GRE"]
[Source "lmi"]
[SourceDate "2008.10.17"]
[WhiteTeam "Rockaden"]
[BlackTeam "Charleroi"]

1. e4 e6 2. d4 d5 3. Nc3 Nf6 4. e5 Nfd7 5. f4 c5 6. Nf3 Nc6 7. Be3 Be7 8. Qd2
O-O 9. dxc5 Bxc5 10. Bxc5 Nxc5 11. O-O-O Qa5 12. Kb1 Bd7 13. Qe3 Rfc8 14. Bd3
Nb4 15. a3 Nbxd3 16. cxd3 Ba4 17. b4 Qa6 18. bxc5 Bxd1 19. Nxd1 b6 20. c6 Rxc6
21. Nd4 Rc5 22. Nb3 Rc7 23. Ka2 Rc2+ 24. Nb2 Rac8 25. f5 Qb5 26. Rb1 R8c3 27.
Nd4 Rxa3+ 28. Kxa3 Rc3+ 29. Ka2 Qa5+ 30. Na4 Qxa4+ 31. Kb2 Qa3# 0-1

[Event "24. European Club Cup 2008"]
[Site "Kallithea GRE"]
[Date "2008.10.21"]
[Round "5.20"]
[White "Olsson, Anders"]
[Black "Laurent, Bruno"]
[Result "1/2-1/2"]
[WhiteElo "2404"]
[BlackElo "2370"]
[PlyCount "75"]
[EventDate "2008.10.17"]
[EventType "team-swiss"]
[EventRounds "7"]
[EventCountry "GRE"]
[Source "lmi"]
[SourceDate "2008.10.17"]
[WhiteTeam "Rockaden"]
[BlackTeam "Charleroi"]

1. e4 e6 2. d4 d5 3. Nc3 Nf6 4. e5 Nfd7 5. f4 c5 6. Nf3 Nc6 7. Be3 Be7 8. Qd2
O-O 9. dxc5 Bxc5 10. O-O-O Qa5 11. Bxc5 Nxc5 12. Kb1 Bd7 13. h4 Rfd8 14. Nd4 a6
15. h5 h6 16. Rh3 Rac8 17. g4 Nxd4 18. Qxd4 Na4 19. Nxa4 Qxa4 20. b3 Qxd4 21.
Rxd4 Rc7 22. Kb2 Rdc8 23. c3 Kf8 24. g5 Ke7 25. Rg3 Rh8 26. Be2 Rcc8 27. Rd1
Rcf8 28. Rdg1 g6 29. Ka3 gxh5 30. Bxh5 hxg5 31. Rxg5 Rc8 32. R1g3 a5 33. Kb2 b6
34. Kc2 Rh7 35. Kd2 Rch8 36. Bf3 Rh4 37. R5g4 Rh2+ 38. Rg2 1/2-1/2

[Event "24. European Club Cup 2008"]
[Site "Kallithea GRE"]
[Date "2008.10.21"]
[Round "5.20"]
[White "Bauduin, Etienne"]
[Black "Hedman, Erik"]
[Result "0-1"]
[WhiteElo "2309"]
[BlackElo "2353"]
[PlyCount "59"]
[EventDate "2008.10.17"]
[EventType "team-swiss"]
[EventRounds "7"]
[EventCountry "GRE"]
[Source "lmi"]
[SourceDate "2008.10.17"]
[WhiteTeam "Charleroi"]
[BlackTeam "Rockaden"]

1. c4 c5 2. Nf3 Nc6 3. d4 cxd4 4. Nxd4 Nf6 5. Nc3 e6 6. a3 Nxd4 7. Qxd4 b6 8.
Qf4 Bc5 9. e4 d6 10. Bd3 Ba6 11. O-O Rc8 12. Qg3 O-O 13. Rd1 Nh5 14. Qf3 g6 15.
Bh6 Re8 16. e5 f5 17. Be2 Qh4 18. g3 Nxg3 19. Qxg3 Qxh6 20. exd6 Rcd8 21. d7
Rf8 22. b4 Be7 23. Rac1 Bg5 24. Rc2 Bb7 25. Bf3 Bf4 26. Bxb7 Bxg3 27. hxg3 f4
28. Rd3 Rf7 29. Rcd2 fxg3 30. fxg3 0-1